<?xml version="1.0" encoding="UTF-8"?>
<collection xmlns="http://www.loc.gov/MARC21/slim">
 <record>
  <leader>00731nam a2200241   4500</leader>
  <controlfield tag="001">000012870</controlfield>
  <controlfield tag="003">9194</controlfield>
  <controlfield tag="005">20150812150846.0</controlfield>
  <controlfield tag="008">120302s                               sd</controlfield>
  <datafield tag="100" ind1="0" ind2=" ">
   <subfield code="a">Ngô Thừa Ân</subfield>
  </datafield>
  <datafield tag="245" ind1="0" ind2="0">
   <subfield code="a">Tây Du Ký</subfield>
   <subfield code="c">Ngô Thừa Ân</subfield>
  </datafield>
  <datafield tag="300" ind1=" " ind2=" ">
   <subfield code="a">25 tập</subfield>
  </datafield>
  <datafield tag="774" ind1=" " ind2=" ">
   <subfield code="a">Ngô Thừa Ân</subfield>
   <subfield code="g">Tập 1</subfield>
   <subfield code="h">250 tr.</subfield>
   <subfield code="t">Hầu Vương ra đời</subfield>
   <subfield code="w">9195</subfield>
  </datafield>
  <datafield tag="774" ind1=" " ind2=" ">
   <subfield code="a">Ngô Thừa Ân</subfield>
   <subfield code="g">Tập 2</subfield>
   <subfield code="h">255 tr.</subfield>
   <subfield code="t">Đại Náo Thiên Cung</subfield>
   <subfield code="w">9196</subfield>
  </datafield>
  <datafield tag="774" ind1=" " ind2=" ">
   <subfield code="a">Ngô Thừa Ân</subfield>
   <subfield code="g">Tập 3</subfield>
   <subfield code="h">255 tr.</subfield>
   <subfield code="t">Bạch Cốt Tinh</subfield>
   <subfield code="w">9197</subfield>
  </datafield>
  <datafield tag="OWN" ind1=" " ind2=" ">
   <subfield code="a">LSP</subfield>
  </datafield>
  <datafield tag="999" ind1=" " ind2=" ">
   <subfield code="a">From the UDN01</subfield>
  </datafield>
  <datafield tag="TYP" ind1=" " ind2=" ">
   <subfield code="a">Monograph</subfield>
  </datafield>
  <datafield tag="TYP" ind1=" " ind2=" ">
   <subfield code="a">Printed language</subfield>
  </datafield>
  <datafield tag="980" ind1=" " ind2=" ">
   <subfield code="a">Mạng thư viện Đại học Đà Nẵng</subfield>
  </datafield>
 </record>
</collection>
